000 00771nam a2200181Ia 4500
008 090630s9999 xx 000 0 und d
082 _b26461
100 _aदेसाई जयश्री.
245 _aराजयोगी नेता अटलबिहारी वाजपेयी.
_cदेसाई जयश्री.
260 _bचंद्रकला - ठाणे.
_c2001
300 _a194
600 _aदेसाई जयश्री.
630 _aराजयोगी नेता अटलबिहारी वाजपेयी.
655 _aचरित्र.
700 _aदेसाई जयश्री.
730 _aराजयोगी नेता अटलबिहारी वाजपेयी.
942 _cBOOK
999 _c278317
_d278317